000 01556cam a2200337 i 4500
001 21992348
003 EG-ScBUE
005 20250513111410.0
008 210413t2021 miua f 000 0 eng d
020 _a9780800739423
040 _aDLC
_beng
_erda
_cDLC
_dDLC
_dEG-ScBUE
082 0 4 _a616.858900835
_222
_bROS
100 1 _aRosier, Tamara,
_d1968-
_eauthor.
245 1 0 _aYour brain's not broken :
_bstrategies for navigating your emotions and life with ADHD /
_cTamara Rosier, PhD.
264 1 _aGrand Rapids, Michigan :
_bRevell, a division of Baker Publishing Group,
_c[2021]
264 4 _cc2021
300 _a204 pages :
_billustrations ;
_c22 cm
336 _atext
_btxt
_2rdacontent
337 _aunmediated
_bn
_2rdamedia
338 _avolume
_bnc
_2rdacarrier
500 _aIncludes Appendices.
520 _a"Using the most current research and her approachable style, Dr. Rosier shows those with ADHD and their families how to create new thinking habits, identify unhelpful thought and emotional patterns, and apply strategies to change them"--
_cProvided by publisher.
650 7 _aAttention-deficit hyperactivity disorder in adults.
_2BUEsh
650 7 _aAttention-deficit hyperactivity disorder in adolescence.
_2BUEsh
650 7 _aAttention-deficit hyperactivity disorder.
_2BUEsh
653 _cMay2025
_bHHUUPPSS
655 _vReading book
906 _a7
_bcbc
_corignew
_d1
_eecip
_f20
_gy-gencatlg
942 _2ddc
_cBB
999 _c30980
_d30951